Palestina, una historia moderna (Record no. 186174)
[ view plain ]
| 000 -LEADER | |
|---|---|
| campo de control de longitud fija | 01173nam a2200289 i 4500 |
| 001 - NÚMERO DE CONTROL | |
| campo de control | 186174 |
| 003 - IDENTIFICADOR DE NÚMERO DE CONTROL | |
| campo de control | SpMaBN |
| 005 - FECHA Y HORA DE LA ÚLTIMA TRANSACCIÓN | |
| campo de control | 20260115063028.0 |
| 008 - DATOS DE LONGITUD FIJA--INFORMACIÓN GENERAL | |
| campo de control de longitud fija | 160914s2014 sp |||| | spa d |
| 020 ## - NÚMERO INTERNACIONAL ESTÁNDAR DEL LIBRO | |
| Número Internacional Estándar del Libro | 978-84-938586-1-2 |
| 080 ## - NÚMERO DE LA CLASIFICACIÓN DECIMAL UNIVERSAL | |
| Número de la Clasificación Decimal Universal | 94(569.4)"1799/1917" |
| 080 ## - NÚMERO DE LA CLASIFICACIÓN DECIMAL UNIVERSAL | |
| Número de la Clasificación Decimal Universal | 94(569.4)"1917/48" |
| 100 1# - ENTRADA PRINCIPAL--NOMBRE DE PERSONA | |
| Nombre de persona | Kayyali, Abdul-Wahhab, |
| Fechas asociadas al nombre | 1939-1981 |
| 9 (RLIN) | 160861 |
| 245 10 - MENCIÓN DEL TÍTULO | |
| Título | Palestina, una historia moderna |
| Resto del título | : colonización sionista, imperialismo británico y resistencia nativa hasta 1939 / |
| Mención de responsabilidad, etc. | A.W. Kayyali ; traducción de María M. Delgado. |
| 250 ## - MENCION DE EDICION | |
| Mención de edición | 1ª ed. en castellano. |
| 260 ## - PUBLICACIÓN, DISTRIBUCIÓN, ETC. | |
| Lugar de publicación, distribución, etc. | Madrid : |
| Nombre del editor, distribuidor, etc. | Bósforo Libros, |
| Fecha de publicación, distribución, etc. | 2014. |
| 300 ## - DESCRIPCIÓN FÍSICA | |
| Extensión | 297 p. ; |
| Dimensiones | 21 cm. |
| 504 ## - NOTA DE BIBLIOGRAFÍA, ETC. | |
| Nota de bibliografía, etc. | Bibliografía: p. [289]-297. |
| 651 #7 - PUNTO DE ACCESO ADICIONAL DE MATERIA--NOMBRE GEOGRÁFICO | |
| Nombre geográfico | Palestina- |
| Subdivisión general | Historia- |
| Subdivisión cronológica | 1799-1917. |
| 9 (RLIN) | 160862 |
| 651 #7 - PUNTO DE ACCESO ADICIONAL DE MATERIA--NOMBRE GEOGRÁFICO | |
| Nombre geográfico | Palestina- |
| Subdivisión general | Historia- |
| Subdivisión cronológica | 1917-1948. |
| 9 (RLIN) | 9198 |
| 700 1# - ENTRADA AGREGADA--NOMBRE PERSONAL | |
| Nombre de persona | Delgado, María M. |
| 9 (RLIN) | 43425 |
| 710 2# - ENTRADA AGREGADA--NOMBRE DE ENTIDAD CORPORATIVA | |
| Nombre de entidad corporativa o nombre de jurisdicción como elemento de entrada | Comité de Solidaridad con la Causa Árabe. |
| 9 (RLIN) | 3079 |
| 852 ## - LOCALIZACIÓN | |
| Ubicación | ES-MaACL |
| Número de control de estantería | A-13906 |
| itemnumber | 193227 |
| Sublocalización o colección | R.151151 |
| Ubicación en estantería | Depósito 1 |
| Signatura antigua | Olim: N-6906 |
| Donativo/Legado | Donación: Santiago González-Varas Ibáñez |
| 903 ## - NOMBRE PERSONAL DE DONANTE | |
| 9 | 160818 |
| a | González-Varas Ibáñez, Santiago |
| e | Donante |
| 942 ## - ELEMENTOS DE ENTRADA SECUNDARIOS (KOHA) | |
| Fuente del sistema de clasificación o colocación | Clasificación decimal universal |
| Tipo de ítem Koha | Libro impreso |
| Estatus retirado | Estado de pérdida | Fuente del sistema de clasificación o colocación | Estado de daño | No para préstamo | Biblioteca de origen | Biblioteca actual | Ubicación en estantería | Fecha de adquisición | Fuente de adquisición | Total de préstamos | Signatura topográfica completa | Código de barras | Visto por última vez | Precio de reemplazo | Tipo de ítem Koha |
|---|---|---|---|---|---|---|---|---|---|---|---|---|---|---|---|
| Clasificación decimal universal | Biblioteca del Ateneo de Madrid | Biblioteca del Ateneo de Madrid | Depósito 1 | 14/09/2016 | Donación | A-13906 | 1196284 | 23/02/2023 | 23/02/2023 | Libro impreso |
